Swing (Lo)-Disco (Record n. 100115)

Dettagli MARC
000 -LEADER
fixed length control field 02991njm a2200517Ia 4500
001 - CONTROL NUMBER
control field 20767
003 - CONTROL NUMBER IDENTIFIER
control field IT-RoPAU
005 - DATE AND TIME OF LATEST TRANSACTION
control field 20220918181125.0
008 - FIXED-LENGTH DATA ELEMENTS--GENERAL INFORMATION
fixed length control field 131025s9999 xx 000 0 und d
040 ## - CATALOGING SOURCE
Original cataloging agency IT-RoPAU
040 ## - CATALOGING SOURCE
Transcribing agency IT-RoPAU
041 ## - LANGUAGE CODE
Language code of text/sound track or separate title ITALIANO
999 ## - SYSTEM CONTROL NUMBERS (KOHA)
Koha Dewey Subclass [OBSOLETE] n.d.
100 ## - MAIN ENTRY--PERSONAL NAME
Personal name AA.VV.
9 (RLIN) 794
100 ## - MAIN ENTRY--PERSONAL NAME
Relator term Autore musica
9 (RLIN) 3116
100 ## - MAIN ENTRY--PERSONAL NAME
Miscellaneous information Codice autore musica SPICS: 12000
9 (RLIN) 796
245 ## - TITLE STATEMENT
Title Swing (Lo)-Disco
250 ## - EDITION STATEMENT
Edition statement 2a ed.
260 ## - PUBLICATION, DISTRIBUTION, ETC. (IMPRINT)
Place of publication, distribution, etc. MILANO
260 ## - PUBLICATION, DISTRIBUTION, ETC. (IMPRINT)
Name of publisher, distributor, etc. FRATELLI FABBRI EDITORI
Date of publication, distribution, etc. 1982 [1a Ed.:1970]
300 ## - PHYSICAL DESCRIPTION
Extent DISCO
300 ## - PHYSICAL DESCRIPTION
Dimensions 23 minuti (Testo: pag.)
500 ## - GENERAL NOTE
General note La canzone italiana. La canzone e la cronaca.Sogni, ballo, amore, ultimr notizie, rime, amore, illusione d'amore.
505 ## - FORMATTED CONTENTS NOTE
Formatted contents note Se io fossi milionario [(Calzia/Cram-Bonino) (3:00)] - E' quel fox-trot [(Barzizza/Borella-Trio Lescano) (4:00)] - Maria Gilberta [(Chiri/Cariga-Bonino) (3:00)] - Ultimissime [(Ansaldo-Trio Lescano) (4:00)] - Signorina, piccolina, ricciolina [(Spadaro) (3:00)] - Non me ne importa niente [(Lao Schor/Marf-Trio Lescano) (3:00)] - Scintille [(Setti/Nisa-G.Mazzi) (3:00)] - Fumo negli occhi [(Kern/Frati-Meme Bianchi) (3:00)]
511 ## - PARTICIPANT OR PERFORMER NOTE
Participant or performer note Bonino Ernesto
511 ## - PARTICIPANT OR PERFORMER NOTE
Participant or performer note Trio Lescano (Il)
511 ## - PARTICIPANT OR PERFORMER NOTE
Participant or performer note Spadaro Odoardo
511 ## - PARTICIPANT OR PERFORMER NOTE
Participant or performer note Mazzi Gilberto
511 ## - PARTICIPANT OR PERFORMER NOTE
Participant or performer note Bianchi Meme
650 ## - SUBJECT ADDED ENTRY--TOPICAL TERM
Topical term or geographic name as entry element CANZONE ITALIAN [DISCHI]
Relator term Codice MATERIA SPICS: 9950
9 (RLIN) 3117
700 ## - ADDED ENTRY--PERSONAL NAME
Personal name Cram (Ceirame Mario)
Dates associated with a name Codice autore musica SPICS: 13541
Relator term Autore musica
Name of part/section of a work Se io fossi milionario
9 (RLIN) 3118
700 ## - ADDED ENTRY--PERSONAL NAME
Personal name Calzia Eugenio
Dates associated with a name Codice autore testo/musica SPICS: 13540
Relator term Autore testo/musica
Name of part/section of a work Se io fossi milionario
9 (RLIN) 3119
700 ## - ADDED ENTRY--PERSONAL NAME
Personal name Borella Angelo Ramiro
Dates associated with a name Codice autore musica SPICS: 13439
Relator term Autore musica
Name of part/section of a work E' quel fox-trot
9 (RLIN) 3120
700 ## - ADDED ENTRY--PERSONAL NAME
Personal name Barzizza Pippo
Dates associated with a name Codice autore testo/musica SPICS: 13368
Relator term Autore testo/musica
Name of part/section of a work E' quel fox-trot
9 (RLIN) 3121
700 ## - ADDED ENTRY--PERSONAL NAME
Personal name Cariga
Dates associated with a name Codice autore musica SPICS: 13398
Relator term Autore musica
Name of part/section of a work Maria Gilberta
9 (RLIN) 3122
700 ## - ADDED ENTRY--PERSONAL NAME
Personal name Chiri
Dates associated with a name Codice autore testo/musica SPICS: 13539
Relator term Autore testo/musica
Name of part/section of a work Maria Gilberta
9 (RLIN) 3123
700 ## - ADDED ENTRY--PERSONAL NAME
Personal name Ansaldo Franco
Dates associated with a name Codice autore testo/musica SPICS: 13538
Relator term Autore testo/musica
Name of part/section of a work Ultimissime
9 (RLIN) 3124
700 ## - ADDED ENTRY--PERSONAL NAME
Personal name Spadaro Odoardo
Dates associated with a name Codice autore testo/musica SPICS: 1159
Relator term Autore testo/musica
Name of part/section of a work Signorina, piccolina, ricciolina
9 (RLIN) 3125
700 ## - ADDED ENTRY--PERSONAL NAME
Personal name Marf (Bonavita Mario)
Dates associated with a name Codice autore musica SPICS: 13496
Relator term Autore musica
Name of part/section of a work Non me ne importa niente
9 (RLIN) 3126
700 ## - ADDED ENTRY--PERSONAL NAME
Personal name Schor Lao
Dates associated with a name Codice autore testo/musica SPICS: 13537
Relator term Autore testo/musica
Name of part/section of a work Non me ne importa niente
9 (RLIN) 3127
700 ## - ADDED ENTRY--PERSONAL NAME
Personal name Nisa (Salerno Nicola)
Dates associated with a name Codice autore musica SPICS: 13452
Relator term Autore musica
Name of part/section of a work Scintille
9 (RLIN) 3128
700 ## - ADDED ENTRY--PERSONAL NAME
Personal name Setti
Dates associated with a name Codice autore testo/musica SPICS: 22514
Relator term Autore testo/musica
Name of part/section of a work Scintille
9 (RLIN) 3129
700 ## - ADDED ENTRY--PERSONAL NAME
Personal name Frati Enrico
Dates associated with a name Codice autore musica SPICS: 13443
Relator term Autore musica
Name of part/section of a work Fumo negli occhi
9 (RLIN) 3130
700 ## - ADDED ENTRY--PERSONAL NAME
Personal name Kern
Dates associated with a name Codice autore testo/musica SPICS: 22515
Relator term Autore testo/musica
Name of part/section of a work Fumo negli occhi
9 (RLIN) 3131
942 ## - ADDED ENTRY ELEMENTS (KOHA)
Koha item type DISCHI
Source of classification or shelving scheme Dewey Decimal Classification
Dati di copia
Withdrawn status Lost status Damaged status Not for loan Home library Current library Date acquired Total Checkouts Full call number Date last seen Price effective from Koha item type Public note
    Buone Condizioni Not For Loan SPICS-MEDIATECA SPICS-MEDIATECA 25/10/2013   20767 25/10/2013 25/10/2013 DISCHI Progr. Ins.: 4070 / N.Vol.: 1 / Copie: 1 - Copia rara: n.d. / date import: 01.01.2014 - By Epidotti, Trombetti, Vaglietti
CREDITS: SOCIETA' SAN PAOLO Via A.Severo, 58 - ROMA (RM) & PERIODICI SAN PAOLO SRL Via Giotto, 36 MILANO & CISF Via Giotto, 36 MILANO & EDIZIONI SAN PAOLO SRL,  Piazza Soncino, 5 CINISELLO BALSAMO (MI) -- ITALY